000 00380nam a22001451c 4500
001 a987656947
008 070619s1992 gw |||| 000u eng d
041 _aeng
100 1 _aRiasanovsky, Nicholas V.
245 0 4 _aThe image of Peter the Great in Russian History and Thought
264 _aOxford :
_bOxford UP,
_c1992
942 _cMG
040 _cRU-10907106
003 RU-10907106
999 _c8639
_d8639